000 00439nam a2200157 a 4500
005 20140310183320.0
008 060303s19uu xx 00 eng d
020 _a0345404769
050 _aPS 3566.A8242
_b.P317 1997
100 _aPatterson, Richard North
245 _aSilent witness /
_cRichard North Patterson.
260 _aNew York :
_bBallantine Books,
_c1997.
300 _a502 p. :
_c17 cm.
942 _cBK
_2lcc
999 _c21381
_d21381